| 000 | 00560nam a2200217Ia 4500 | ||
|---|---|---|---|
| 003 | 0100 | ||
| 008 | 130307s9999 xx 000 0 und d | ||
| 020 | _a9966218831 | ||
| 040 | _cARRUPELIB | ||
| 050 | _aBT30.A357T4813 2003 | ||
| 245 | _aAfrican theology in the 21st century | ||
| 245 | _bthe contribution of the pioneers | ||
| 260 | _aNairobi | ||
| 260 | _bPaulines Publications Africa | ||
| 260 | _c2003 | ||
| 300 | _av. | ||
| 300 | _b21 cm. | ||
| 650 | _aTHEOLOGY | ||
| 700 | _aBujo, BÔenÔezet ; Ilunga Muya, JuvÔenal. (ed.) | ||
| 942 | 0 | 0 | _03 |
| 999 |
_c93891 _d93891 |
||